Normal view
MARC view
- ENGLISH LANGUAGE MORPHOLOGY
Entry Topical Term
001 - CONTROL NUMBER
- control field: 68239
003 - CONTROL NUMBER IDENTIFIER
- control field: NUST
005 - DATE AND TIME OF LATEST TRANSACTION
- control field: 20210628204018.0
008 - FIXED-LENGTH DATA ELEMENTS
- fixed length control field: 210628|| aca||aabn | a|a d
040 ## - CATALOGING SOURCE
- Original cataloging agency: NUST
- Transcribing agency: NUST
150 ## - HEADING--TOPICAL TERM
- Topical term or geographic name entry element: ENGLISH LANGUAGE MORPHOLOGY
670 ## - SOURCE DATA FOUND
- Source citation: Work cat.: (NUST): Hamawand, Zeki 68238, Morphology in english , world formation in cognitive grammar, 2011
